| 000 | 00360nam a2200157Ia 4500 | ||
|---|---|---|---|
| 008 | 160316s2006 xxu||||| |||| 00| 0 eng d | ||
| 082 |
_a346.017200 _bRAM |
||
| 100 | _aRaman Anuradha | ||
| 245 | _aThe baby's mine | ||
| 250 | _a | ||
| 260 |
_a _bCED-Outlook _c2006 |
||
| 300 |
_a1 _b _c |
||
| 365 | _b | ||
| 650 | _a1.Baby - right to childhood | ||
| 700 |
_a _a |
||
| 999 |
_c36417 _d36417 |
||